Missing Word: Baseball Hall of Fame Nicknames Quiz Stats

 Plays Quiz Updated Jun 28, 2018

Challenge
Share
Tweet
Embed
Score 0/30 Timer 04:00
0 Plays Today
Hall of Famer Missing Nickname % Correct
George Herman '_____' RuthBabe
96.5%
Lawrence Peter '_____' BerraYogi
94.2%
Harold Henry '_____ Wee' ReesePee
91.3%
Reginald Martinez 'Mr. _____' JacksonOctober
90.3%
Leroy Robert '_____' PaigeSatchel
86.4%
Jay Hannah '_____' DeanDizzy
83.9%
James Augustus '_____' HunterCatfish
83.7%
Edwin Donald '_____' SniderDuke
83.5%
John Peter '_____' WagnerHonus
82.4%
Joseph Paul '_____ Joe' DiMaggioJoltin'
80.2%
Adrian Constantine '_____' AnsonCap
78.2%
Leon Allen '_____' GoslinGoose
77.9%
Edward Charles '_____' FordWhitey
77.7%
Tyrus Raymond 'The Georgia _____' CobbPeach
76.8%
Mordecai Peter Centennial 'Three _____' BrownFinger
72.8%
Hall of Famer Missing Nickname % Correct
John Franklin '_____ Run' BakerHome
70.4%
Theodore Samuel 'The Splendid _____' WilliamsSplinter
64.8%
James 'Cool _____' BellPapa
63.6%
Carlton Ernest '_____' FiskPudge
62.5%
George Lee '_____' AndersonSparky
62.3%
William Henry '_____ _____' KeelerWee Willie
61.8%
Phillip Francis '_____' RizzutoScooter
51.4%
Charles Leo '_____' HartnettGabby
51%
Walter James Vincent '_____' MaranvilleRabbit
49.8%
Joseph Michael '_____' MedwickDucky
49.6%
Leo Ernest 'The _____' DurocherLip
47.9%
Richard William '_____' MarquardRube
47%
Charles Albert '_____' BenderChief
45.7%
Gary Edmund 'The _____' CarterKid
45.6%
Robert William Andrew '_____ Robert' FellerRapid
38.2%

Today's Daily Dose

You're not logged in!

Compare scores with friends on all Sporcle quizzes.
Join for Free
OR
Log In

You Might Also Like...

Show Comments

Extras

Top Quizzes Today


Score Distribution

Your Account Isn't Verified!

In order to create a playlist on Sporcle, you need to verify the email address you used during registration. Go to your Sporcle Settings to finish the process.

Report this User

Report this user for behavior that violates our Community Guidelines.

Details: